Hormigones y morteros

Gorde:
Xehetasun bibliografikoak
Egile nagusia: Bustillo Revuelta, Manuel (Egilea)
Formatua: Liburua
Hizkuntza:gaztelania
Argitaratua: Madrid Fueyo 2008
Edizioa:1a. ed
Gaiak:
Etiketak: Etiketa erantsi
Etiketarik gabe, Izan zaitez lehena erregistro honi etiketa jartzen!

MARC

LEADER 00000cam a2200000 a 4500
001 UCF1907
003 CL-VaPUC
008 120802e20080000SP |||||||||||||||||spa|d
020 |a 9788493527914 
082 0 4 |a 691.3  |b BUS  |2 21 
100 0 |a Bustillo Revuelta, Manuel  |e author  |9 563447 
245 1 0 |a Hormigones y morteros 
250 |a 1a. ed 
300 |a 721 p 
942 |c BK 
945 |d 20120802 00:00:00  |a cmena 
260 |a Madrid  |b Fueyo  |c 2008 
650 0 |a Hormigones  |9 262546 
650 0 |a Materiales de construcción  |9 260197 
650 0 |a Propiedades físicas  |9 342981 
650 7 |a MORTEROS  |2 CL-VaPUC  |9 262664 
650 0 |a Máquinas herramientas  |9 262583 
583 |a last modification  |c 20160921 10:40:31  |k Rodrigo Vera 
999 |c 348593  |d 348591 
952 |0 0  |1 0  |4 0  |6 691_300000000000000_BUS_2008  |7 0  |8 A  |9 450678  |a BIBING  |b BIBING  |d 2019-11-22  |i 4890108  |o 691.3 BUS 2008  |p 4890108  |r 2023-03-02  |w 2019-11-22  |y BK  |k CCL